[Event "23rd ETCC Women 2021"]
[Site "Catez"]
[Date "2021.11.16"]
[Round "5.14"]
[White "Guichard, Pauline"]
[Black "Avramidou, Anastasia"]
[Result "0-1"]
[WhiteElo "2409"]
[BlackElo "2217"]
[Annotator "RC"]
[PlyCount "186"]
[EventDate "2021.11.08"]
[EventType "team-tourn"]
[EventCountry "SLO"]
[SourceTitle "playchess.com"]
[Source "ChessBase"]
[SourceQuality "1"]
[WhiteTeam "France"]
[BlackTeam "Greece"]
[WhiteTeamCountry "FRA"]
[BlackTeamCountry "GRE"]
[TimeControl "40/5400+30:1800+30"]

1. d4 {[%emt 0:00:03]} d5 {[%emt 0:00:19]} 2. c4 {[%emt 0:00:07]} e6 {[%emt 0:
00:11]} 3. Nf3 {[%emt 0:00:08]} Nf6 {[%emt 0:00:08]} 4. Nc3 {[%emt 0:00:08]} a6
{[%emt 0:00:30]} 5. cxd5 {[%emt 0:01:07]} exd5 {[%emt 0:03:09]} 6. Bg5 {
[%emt 0:00:16]} Be6 {[%emt 0:00:14]} 7. Bxf6 {[%emt 0:01:45]} Qxf6 {[%emt 0:00:
18]} 8. Qb3 {[%emt 0:01:09]} b6 {[%emt 0:01:10]} 9. e3 {[%emt 0:18:09]} Qd8 {
[%emt 0:09:07]} 10. Bd3 {[%emt 0:07:38]} Bd6 {[%emt 0:11:04]} 11. Qc2 {[%emt 0:
00:49]} h6 {[%emt 0:06:21]} 12. e4 {[%emt 0:11:21]} dxe4 {[%emt 0:07:44]} 13.
Bxe4 {[%emt 0:00:12]} Ra7 {[%emt 0:00:12]} 14. O-O {[%emt 0:09:12]} O-O {
[%emt 0:00:10]} 15. d5 {[%emt 0:06:18]} Bg4 {[%emt 0:03:46]} 16. Nd4 {[%emt 0:
03:40]} Qf6 {[%emt 0:02:55]} 17. Nf5 {[%emt 0:04:56]} Be5 {[%emt 0:07:19]} 18.
Ne3 {[%emt 0:02:15]} Bd7 {[%emt 0:05:06]} 19. Rac1 {[%emt 0:02:20]} a5 {
[%emt 0:11:38]} 20. Nc4 {[%emt 0:08:30]} Bxc3 {[%emt 0:08:26]} 21. Qxc3 {
[%emt 0:01:00]} Qxc3 {[%emt 0:01:19]} 22. Rxc3 {[%emt 0:00:05]} Re8 {[%emt 0:
02:05]} 23. Bf3 {[%emt 0:00:35]} Bb5 {[%emt 0:03:28]} 24. Rfc1 {[%emt 0:01:39]}
Bxc4 {[%emt 0:01:41]} 25. Rxc4 {[%emt 0:00:08]} Na6 {[%emt 0:00:17]} 26. g3 {
[%emt 0:03:38]} Nc5 {[%emt 0:00:28]} 27. Rd1 {[%emt 0:00:36]} Rd8 {[%emt 0:03:
04]} 28. Rc3 {[%emt 0:02:25]} Rd6 {[%emt 0:04:27]} 29. Re3 {[%emt 0:04:18]} Kf8
{[%emt 0:01:55]} 30. Rde1 {[%emt 0:02:03]} Ra8 {[%emt 0:01:18]} 31. Re7 {
[%emt 0:03:45]} Nd7 {[%emt 0:01:28]} 32. g4 {[%emt 0:04:09]} Rd8 {[%emt 0:03:
28]} 33. Kg2 {[%emt 0:00:25]} g6 {[%emt 0:00:45]} 34. h4 {[%emt 0:00:38]} g5 {
[%emt 0:00:41]} 35. h5 {[%emt 0:01:43]} Rf6 {[%emt 0:00:42]} 36. Kg3 {[%emt 0:
00:35]} Rf4 {[%emt 0:00:32]} 37. R1e3 {[%emt 0:00:40]} Rd4 {[%emt 0:00:50]} 38.
Re2 {[%emt 0:00:23]} Rf4 {[%emt 0:00:20]} 39. Re1 {[%emt 0:00:38]} Rd4 {
[%emt 0:00:29]} 40. Kg2 {[%emt 0:00:33]} Rf4 {[%emt 0:00:23]} 41. a3 {[%emt 0:
06:59]} Rd4 {[%emt 0:02:25]} 42. Kg3 {[%emt 0:04:07]} Rf4 {[%emt 0:03:13]} 43.
R1e3 {[%emt 0:02:20]} Rd4 {[%emt 0:01:01]} 44. Re1 {[%emt 0:08:28]} Rf4 {
[%emt 0:00:09]} 45. R1e3 {[%emt 0:00:56]} Rd4 {[%emt 0:00:07]} 46. Re2 {
[%emt 0:00:08]} Rf4 {[%emt 0:00:25]} 47. R7e3 {[%emt 0:00:20]} Nf6 {[%emt 0:04:
57]} 48. Rc2 {[%emt 0:01:21]} Rd7 {[%emt 0:02:31]} 49. Rc6 {[%emt 0:02:26]} Kg7
{[%emt 0:01:58]} 50. Rd3 {[%emt 0:02:15]} Ne8 {[%emt 0:03:12]} 51. Rd2 {
[%emt 0:02:23]} Nd6 {[%emt 0:04:17]} 52. Rdc2 {[%emt 0:01:58]} Ne8 {[%emt 0:05:
05]} 53. R2c3 {[%emt 0:00:49]} Rd4 {[%emt 0:00:28]} 54. b3 {[%emt 0:01:23]} Rf4
{[%emt 0:03:41]} 55. Rd3 {[%emt 0:00:55]} Nd6 {[%emt 0:00:45]} 56. Rc1 {
[%emt 0:00:55]} Kf8 {[%emt 0:01:40]} 57. Re1 {[%emt 0:00:20]} Ne8 {[%emt 0:00:
57]} 58. Re4 {[%emt 0:00:09]} Rxe4 {[%emt 0:00:25]} 59. Bxe4 {[%emt 0:00:04]}
Nf6 {[%emt 0:00:15]} 60. f3 {[%emt 0:00:34]} c6 {[%emt 0:02:06]} 61. d6 {
[%emt 0:00:03]} Nxe4+ {[%emt 0:00:15]} 62. fxe4 {[%emt 0:00:22]} f6 {[%emt 0:
00:02]} 63. b4 {[%emt 0:01:35]} axb4 {[%emt 0:00:16]} 64. axb4 {[%emt 0:00:09]}
Kf7 {[%emt 0:00:04]} 65. Ra3 {[%emt 0:00:11]} Rxd6 {[%emt 0:02:12]} 66. Ra7+ {
[%emt 0:01:18]} Ke6 {[%emt 0:00:14]} 67. Rh7 {[%emt 0:00:03]} Rd3+ {[%emt 0:00:
21]} 68. Kf2 {[%emt 0:00:37]} Rd4 {[%emt 0:00:34]} 69. Ke3 {[%emt 0:00:34]}
Rxb4 {[%emt 0:00:04]} 70. Rxh6 {[%emt 0:00:03]} Rb3+ {[%emt 0:00:15]} 71. Kf2 {
[%emt 0:01:24]} Ke5 {[%emt 0:01:17]} 72. Kg2 {[%emt 0:00:14]} c5 {[%emt 0:01:
03]} 73. Rg6 {[%emt 0:00:25]} Rd3 {[%emt 0:00:32]} 74. h6 {[%emt 0:00:55]} Rd8
{[%emt 0:00:16]} 75. h7 {[%emt 0:00:42]} Rh8 {[%emt 0:00:05]} 76. Rh6 {[%emt 0:
00:34]} Kxe4 {[%emt 0:00:33]} 77. Kg3 {[%emt 0:00:31]} Ke5 {[%emt 0:00:13]} 78.
Kf3 {[%emt 0:00:09]} c4 {[%emt 0:00:48]} 79. Ke3 {[%emt 0:00:04]} b5 {[%emt 0:
00:04]} 80. Rh1 {[%emt 0:01:15]} b4 {[%emt 0:00:10]} 81. Rh6 {[%emt 0:00:30]}
b3 {[%emt 0:00:42]} 82. Kd2 {[%emt 0:00:04]} Kd4 {[%emt 0:01:09]} 83. Rh3 {
[%emt 0:00:23]} b2 {[%emt 0:01:05]} 84. Kc2 {[%emt 0:00:04]} c3 {[%emt 0:00:17]
} 85. Rd3+ {[%emt 0:01:02]} Ke4 {[%emt 0:00:04]} 86. Rxc3 {[%emt 0:00:09]} Rxh7
{[%emt 0:00:05]} 87. Kxb2 {[%emt 0:00:08]} Rh4 {[%emt 0:00:56]} 88. Rc6 {
[%emt 0:00:14]} Rxg4 {[%emt 0:00:34]} 89. Rxf6 {[%emt 0:00:03]} Rf4 {[%emt 0:
00:15]} 90. Rc6 {[%emt 0:00:41]} Kf3 {[%emt 0:00:40]} 91. Kc2 {[%emt 0:02:10]}
Rd4 {[%emt 0:00:26]} 92. Rf6+ {[%emt 0:00:13]} Kg3 {[%emt 0:00:12]} 93. Kc3 {
[%emt 0:00:30]} Rd8 {[%emt 0:00:08]} 0-1

[Event "23rd ETCC Women 2021"]
[Site "Catez"]
[Date "2021.11.16"]
[Round "5.15"]
[White "Pavlidou, Ekaterini"]
[Black "Milliet, Sophie"]
[Result "1/2-1/2"]
[WhiteElo "2172"]
[BlackElo "2418"]
[Annotator "NA"]
[PlyCount "79"]
[EventDate "2021.11.08"]
[EventType "team-tourn"]
[EventCountry "SLO"]
[SourceTitle "playchess.com"]
[Source "ChessBase"]
[SourceQuality "1"]
[WhiteTeam "Greece"]
[BlackTeam "France"]
[WhiteTeamCountry "GRE"]
[BlackTeamCountry "FRA"]
[TimeControl "40/5400+30:1800+30"]

1. d4 {[%emt 0:00:16]} Nf6 {[%emt 0:00:10]} 2. c4 {[%emt 0:00:09]} e6 {[%emt 0:
00:03]} 3. Nc3 {[%emt 0:00:11]} Bb4 {[%emt 0:00:03]} 4. e3 {[%emt 0:00:33]} O-O
{[%emt 0:00:10]} 5. Bd2 {[%emt 0:00:15]} d5 {[%emt 0:00:41]} 6. Nf3 {[%emt 0:
00:08]} b6 {[%emt 0:00:32]} 7. cxd5 {[%emt 0:00:11]} exd5 {[%emt 0:00:03]} 8.
Rc1 {[%emt 0:00:12]} Bb7 {[%emt 0:01:38]} 9. Bd3 {[%emt 0:00:11]} Re8 {[%emt 0:
00:49]} 10. O-O {[%emt 0:03:45]} Bf8 {[%emt 0:00:38]} 11. Ne5 {[%emt 0:02:33]}
c5 {[%emt 0:00:09]} 12. f4 {[%emt 0:08:43]} Nc6 {[%emt 0:00:12]} 13. Nxd5 {
[%emt 0:16:59]} Qxd5 {[%emt 0:00:36]} 14. Bc4 {[%emt 0:00:12]} Qxg2+ {[%emt 0:
00:27]} 15. Kxg2 {[%emt 0:00:12]} Nxe5+ {[%emt 0:00:03]} 16. Kg1 {[%emt 0:02:
01]} Nxc4 {[%emt 0:00:06]} 17. Rxc4 {[%emt 0:01:17]} Rad8 {[%emt 0:00:41]} 18.
Bc1 {[%emt 0:16:25]} Ba6 {[%emt 0:10:28]} 19. b3 {[%emt 0:03:51]} Bxc4 {
[%emt 0:00:54]} 20. bxc4 {[%emt 0:00:06]} cxd4 {[%emt 0:00:23]} 21. exd4 {
[%emt 0:00:22]} Rxd4 {[%emt 0:02:01]} 22. Qxd4 {[%emt 0:11:10]} Bc5 {[%emt 0:
00:03]} 23. Qxc5 {[%emt 0:00:06]} bxc5 {[%emt 0:00:03]} 24. Ba3 {[%emt 0:00:08]
} h5 {[%emt 0:38:31]} 25. Bxc5 {[%emt 0:02:01]} Rc8 {[%emt 0:00:07]} 26. Bxa7 {
[%emt 0:06:10]} Rxc4 {[%emt 0:00:02]} 27. Bb8 {[%emt 0:03:25]} Ne4 {[%emt 0:06:
51]} 28. Re1 {[%emt 0:03:37]} Kh7 {[%emt 0:08:03]} 29. Re2 {[%emt 0:02:47]} Kg6
{[%emt 0:15:12]} 30. Rb2 {[%emt 0:03:04]} h4 {[%emt 0:03:00]} 31. h3 {[%emt 0:
00:19]} Rc3 {[%emt 0:03:49]} 32. Kg2 {[%emt 0:00:23]} f6 {[%emt 0:02:07]} 33.
Rb4 {[%emt 0:06:10]} Ng3 {[%emt 0:04:29]} 34. a4 {[%emt 0:01:25]} Ra3 {[%emt 0:
02:01]} 35. Bc7 {[%emt 0:01:58]} Kf5 {[%emt 0:01:49]} 36. a5 {[%emt 0:00:38]}
Ra2+ {[%emt 0:00:06]} 37. Kf3 {[%emt 0:00:35]} Ra3+ {[%emt 0:00:02]} 38. Kg2 {
[%emt 0:00:09]} Ra2+ {[%emt 0:00:44]} 39. Kf3 {[%emt 0:00:05]} Ra3+ {[%emt 0:
00:04]} 40. Kg2 {[%emt 0:00:14]} 1/2-1/2

[Event "23rd ETCC Women 2021"]
[Site "Catez"]
[Date "2021.11.16"]
[Round "5.16"]
[White "Benmesbah, Natacha"]
[Black "Markantonaki, Haritomeni"]
[Result "1/2-1/2"]
[WhiteElo "2256"]
[BlackElo "2174"]
[Annotator "ChessBase"]
[PlyCount "140"]
[EventDate "2021.11.08"]
[EventType "team-tourn"]
[EventCountry "SLO"]
[SourceTitle "playchess.com"]
[Source "ChessBase"]
[SourceQuality "1"]
[WhiteTeam "France"]
[BlackTeam "Greece"]
[WhiteTeamCountry "FRA"]
[BlackTeamCountry "GRE"]
[TimeControl "40/5400+30:1800+30"]

1. e4 {[%emt 0:00:03]} e5 {[%emt 0:00:08]} 2. Nf3 {[%emt 0:00:11]} Nc6 {
[%emt 0:00:08]} 3. Bb5 {[%emt 0:00:12]} Nd4 {[%emt 0:00:22]} 4. Nxd4 {[%emt 0:
05:51]} exd4 {[%emt 0:00:07]} 5. O-O {[%emt 0:13:39]} Bc5 {[%emt 0:00:38]} 6.
d3 {[%emt 0:08:54]} c6 {[%emt 0:01:14]} 7. Bc4 {[%emt 0:00:11]} d5 {[%emt 0:06:
27]} 8. exd5 {[%emt 0:06:51]} cxd5 {[%emt 0:00:30]} 9. Re1+ {[%emt 0:07:57]}
Ne7 {[%emt 0:02:21]} 10. Bb5+ {[%emt 0:00:21]} Bd7 {[%emt 0:00:27]} 11. Bxd7+ {
[%emt 0:01:16]} Qxd7 {[%emt 0:00:05]} 12. Bf4 {[%emt 0:01:37]} O-O {[%emt 0:03:
12]} 13. Nd2 {[%emt 0:00:48]} Ng6 {[%emt 0:02:51]} 14. Bg3 {[%emt 0:00:05]}
Rac8 {[%emt 0:03:28]} 15. Nb3 {[%emt 0:06:14]} b6 {[%emt 0:04:04]} 16. a3 {
[%emt 0:07:05]} Qf5 {[%emt 0:06:12]} 17. Qd2 {[%emt 0:03:50]} h5 {[%emt 0:02:
18]} 18. h3 {[%emt 0:01:51]} Rc6 {[%emt 0:04:29]} 19. Re2 {[%emt 0:01:02]} h4 {
[%emt 0:04:40]} 20. Bh2 {[%emt 0:00:26]} Rfc8 {[%emt 0:00:45]} 21. Rae1 {
[%emt 0:00:47]} Kh7 {[%emt 0:06:04]} 22. Be5 {[%emt 0:03:41]} f6 {[%emt 0:08:
26]} 23. Bh2 {[%emt 0:00:09]} a5 {[%emt 0:05:12]} 24. Re8 {[%emt 0:02:04]} a4 {
[%emt 0:07:23]} 25. Rxc8 {[%emt 0:00:22]} Rxc8 {[%emt 0:00:53]} 26. Nxc5 {
[%emt 0:05:30]} bxc5 {[%emt 0:03:09]} 27. Qa5 {[%emt 0:00:20]} Qd7 {[%emt 0:03:
21]} 28. Qb6 {[%emt 0:00:59]} Qc6 {[%emt 0:04:47]} 29. Qa7 {[%emt 0:02:44]} Ra8
{[%emt 0:05:58]} 30. Qf7 {[%emt 0:00:40]} Rf8 {[%emt 0:02:29]} 31. Qe6 {
[%emt 0:00:58]} Qxe6 {[%emt 0:00:59]} 32. Rxe6 {[%emt 0:00:04]} Rc8 {[%emt 0:
01:01]} 33. Kf1 {[%emt 0:03:23]} c4 {[%emt 0:01:05]} 34. Ke2 {[%emt 0:00:04]}
c3 {[%emt 0:05:04]} 35. Kd1 {[%emt 0:03:20]} cxb2 {[%emt 0:02:42]} 36. Rb6 {
[%emt 0:00:03]} Ne5 {[%emt 0:00:18]} 37. Rxb2 {[%emt 0:00:42]} Rc3 {[%emt 0:00:
39]} 38. Ra2 {[%emt 0:05:03]} Kg6 {[%emt 0:00:47]} 39. Bf4 {[%emt 0:00:17]} Kf5
{[%emt 0:01:32]} 40. Bd2 {[%emt 0:00:06]} Rc8 {[%emt 0:01:09]} 41. Rb2 {
[%emt 0:30:35]} Nc6 {[%emt 0:32:36]} 42. Rb6 {[%emt 0:00:00]} g5 {[%emt 0:00:
00]} 43. f3 {[%emt 0:00:00]} Ke5 {[%emt 0:00:00]} 44. Ra6 {[%emt 0:00:00]} Ne7
{[%emt 0:00:00]} 45. Rxa4 {[%emt 0:00:00]} Ng6 {[%emt 0:00:00]} 46. Be1 {
[%emt 0:03:20]} Nf4 {[%emt 0:00:00]} 47. Bf2 {[%emt 0:00:24]} Nxg2 {[%emt 0:00:
00]} 48. Bxd4+ {[%emt 0:00:07]} Kf5 {[%emt 0:00:00]} 49. Ra5 {[%emt 0:06:11]}
Kf4 {[%emt 0:00:00]} 50. Rxd5 {[%emt 0:01:10]} Kxf3 {[%emt 0:00:00]} 51. Kd2 {
[%emt 0:02:23]} g4 {[%emt 0:02:25]} 52. hxg4 {[%emt 0:00:25]} h3 {[%emt 0:00:
30]} 53. Rh5 {[%emt 0:01:33]} Nf4 {[%emt 0:00:54]} 54. Rh6 {[%emt 0:00:49]} Kg2
{[%emt 0:00:45]} 55. Bxf6 {[%emt 0:00:28]} Rc6 {[%emt 0:01:53]} 56. c4 {
[%emt 0:00:51]} h2 {[%emt 0:00:51]} 57. Rxh2+ {[%emt 0:00:14]} Kxh2 {[%emt 0:
00:04]} 58. Be5 {[%emt 0:00:05]} Kg3 {[%emt 0:00:14]} 59. Ke3 {[%emt 0:00:18]}
Re6 {[%emt 0:00:17]} 60. Kd4 {[%emt 0:00:47]} Kxg4 {[%emt 0:00:12]} 61. Bxf4 {
[%emt 0:00:08]} Kxf4 {[%emt 0:00:02]} 62. Kd5 {[%emt 0:00:04]} Ra6 {[%emt 0:01:
38]} 63. c5 {[%emt 0:00:47]} Rxa3 {[%emt 0:00:30]} 64. d4 {[%emt 0:01:03]} Ra5
{[%emt 0:01:16]} 65. Kd6 {[%emt 0:00:39]} Ke4 {[%emt 0:00:20]} 66. c6 {[%emt 0:
00:13]} Rd5+ {[%emt 0:00:31]} 67. Ke7 {[%emt 0:00:43]} Kxd4 {[%emt 0:00:24]}
68. c7 {[%emt 0:00:03]} Re5+ {[%emt 0:00:41]} 69. Kd7 {[%emt 0:00:05]} Rd5+ {
[%emt 0:00:12]} 70. Ke7 {[%emt 0:00:17]} Re5+ {[%emt 0:00:17]} 1/2-1/2

[Event "23rd ETCC Women 2021"]
[Site "Catez"]
[Date "2021.11.16"]
[Round "5.17"]
[White "Cramling, Pia"]
[Black "Cyfka, Karina"]
[Result "1-0"]
[WhiteElo "2457"]
[BlackElo "2416"]
[Annotator "ChessBase"]
[PlyCount "155"]
[EventDate "2021.11.08"]
[EventType "team-tourn"]
[EventCountry "SLO"]
[SourceTitle "playchess.com"]
[Source "ChessBase"]
[SourceQuality "1"]
[WhiteTeam "Sweden"]
[BlackTeam "Poland"]
[WhiteTeamCountry "SWE"]
[BlackTeamCountry "POL"]
[TimeControl "40/5400+30:1800+30"]

1. d4 {[%emt 0:00:02]} Nf6 {[%emt 0:00:09]} 2. c4 {[%emt 0:00:12]} e6 {[%emt 0:
00:32]} 3. Nf3 {[%emt 0:00:16]} Bb4+ {[%emt 0:00:38]} 4. Bd2 {[%emt 0:00:20]}
a5 {[%emt 0:01:06]} 5. Nc3 {[%emt 0:02:02]} O-O {[%emt 0:01:52]} 6. e3 {
[%emt 0:00:36]} Bxc3 {[%emt 0:07:11]} 7. Bxc3 {[%emt 0:00:12]} Ne4 {[%emt 0:00:
05]} 8. Qc2 {[%emt 0:06:30]} Nxc3 {[%emt 0:00:19]} 9. Qxc3 {[%emt 0:00:12]} d6
{[%emt 0:00:57]} 10. Be2 {[%emt 0:01:12]} Nd7 {[%emt 0:02:34]} 11. O-O {
[%emt 0:14:04]} Qe7 {[%emt 0:03:01]} 12. Nd2 {[%emt 0:07:53]} e5 {[%emt 0:04:
14]} 13. Bd3 {[%emt 0:02:25]} b6 {[%emt 0:10:13]} 14. Rae1 {[%emt 0:20:48]} Bb7
{[%emt 0:05:18]} 15. Qc2 {[%emt 0:00:51]} Qh4 {[%emt 0:05:41]} 16. Bf5 {
[%emt 0:11:24]} Rad8 {[%emt 0:06:10]} 17. g3 {[%emt 0:01:42]} Qh5 {[%emt 0:06:
07]} 18. f4 {[%emt 0:01:04]} exd4 {[%emt 0:04:16]} 19. exd4 {[%emt 0:00:09]}
Nf6 {[%emt 0:00:29]} 20. Re7 {[%emt 0:10:50]} Rfe8 {[%emt 0:09:03]} 21. Rfe1 {
[%emt 0:00:11]} Kf8 {[%emt 0:01:52]} 22. Rxe8+ {[%emt 0:00:07]} Rxe8 {[%emt 0:
00:05]} 23. Rxe8+ {[%emt 0:00:04]} Kxe8 {[%emt 0:01:19]} 24. Bd3 {[%emt 0:00:
52]} Kd8 {[%emt 0:09:10]} 25. d5 {[%emt 0:00:28]} Qg4 {[%emt 0:07:49]} 26. Ne4
{[%emt 0:04:03]} Nxe4 {[%emt 0:02:41]} 27. Bxe4 {[%emt 0:00:03]} h5 {[%emt 0:
01:14]} 28. Qd3 {[%emt 0:00:50]} g6 {[%emt 0:02:48]} 29. Bf3 {[%emt 0:03:24]}
Qd7 {[%emt 0:02:27]} 30. f5 {[%emt 0:01:55]} Qe8 {[%emt 0:00:18]} 31. Qe4 {
[%emt 0:06:18]} Bc8 {[%emt 0:01:27]} 32. f6 {[%emt 0:00:30]} Bf5 {[%emt 0:01:
20]} 33. Qxe8+ {[%emt 0:00:12]} Kxe8 {[%emt 0:00:02]} 34. Be2 {[%emt 0:00:07]}
Be4 {[%emt 0:02:12]} 35. Kf2 {[%emt 0:02:18]} Kd7 {[%emt 0:01:06]} 36. Ke3 {
[%emt 0:00:15]} Bb1 {[%emt 0:00:36]} 37. a3 {[%emt 0:00:05]} Bc2 {[%emt 0:00:
51]} 38. Kd4 {[%emt 0:01:49]} Bf5 {[%emt 0:00:44]} 39. Bf3 {[%emt 0:00:39]} Bh3
{[%emt 0:00:50]} 40. Kc3 {[%emt 0:01:35]} Bf1 {[%emt 0:00:27]} 41. h4 {[%emt 0:
31:10]} Bh3 {[%emt 0:30:28]} 42. Kd4 {[%emt 0:00:00]} Bf5 {[%emt 0:00:00]} 43.
b4 {[%emt 0:00:00]} axb4 {[%emt 0:00:00]} 44. axb4 {[%emt 0:00:00]} Bc2 {
[%emt 0:00:00]} 45. c5 {[%emt 0:00:00]} bxc5+ {[%emt 0:00:00]} 46. bxc5 {
[%emt 0:00:00]} Ba4 {[%emt 0:00:00]} 47. Be2 {[%emt 0:00:00]} Kd8 {[%emt 0:00:
00]} 48. Kc4 {[%emt 0:00:00]} Bd7 {[%emt 0:00:00]} 49. Bd3 {[%emt 0:00:00]}
dxc5 50. Kxc5 {[%emt 0:00:00]} Ba4 {[%emt 0:00:00]} 51. Kd4 {[%emt 0:00:00]}
Bd7 {[%emt 0:00:00]} 52. Ke5 {[%emt 0:00:10]} Ba4 {[%emt 0:00:00]} 53. Bf1 {
[%emt 0:02:19]} Ke8 {[%emt 0:00:00]} 54. Ba6 {[%emt 0:01:05]} Kd7 {[%emt 0:00:
00]} 55. Bc4 {[%emt 0:00:16]} Ke8 {[%emt 0:00:00]} 56. Kd4 {[%emt 0:00:20]} Bd7
{[%emt 0:00:58]} 57. Kc5 {[%emt 0:00:19]} Ba4 {[%emt 0:00:25]} 58. Ba6 {
[%emt 0:00:30]} Kd8 {[%emt 0:00:54]} 59. Bb7 {[%emt 0:00:41]} Kd7 {[%emt 0:01:
22]} 60. Ba8 {[%emt 0:01:11]} Kd8 {[%emt 0:01:15]} 61. Kb4 {[%emt 0:01:57]} Bd7
{[%emt 0:02:08]} 62. Bb7 {[%emt 0:00:38]} Bg4 {[%emt 0:00:26]} 63. Ba6 {
[%emt 0:00:43]} Bd1 {[%emt 0:01:36]} 64. Bb5 {[%emt 0:00:24]} Bg4 {[%emt 0:00:
19]} 65. Ka5 {[%emt 0:01:33]} Bf3 {[%emt 0:01:09]} 66. Bc6 {[%emt 0:00:05]} Be2
{[%emt 0:00:37]} 67. Kb4 {[%emt 0:00:33]} Bg4 {[%emt 0:00:18]} 68. Bb5 {
[%emt 0:00:38]} Bf3 {[%emt 0:00:46]} 69. Kc5 {[%emt 0:00:40]} Bg4 {[%emt 0:00:
31]} 70. d6 {[%emt 0:01:03]} cxd6+ {[%emt 0:00:38]} 71. Kxd6 {[%emt 0:00:03]}
Be6 {[%emt 0:00:25]} 72. Ba4 {[%emt 0:00:24]} Ba2 {[%emt 0:00:12]} 73. Ke5 {
[%emt 0:00:53]} Kc7 {[%emt 0:01:06]} 74. Kf4 {[%emt 0:00:30]} Kd8 {[%emt 0:01:
05]} 75. Kg5 {[%emt 0:00:10]} Be6 {[%emt 0:00:58]} 76. Kh6 {[%emt 0:00:06]} Kc7
{[%emt 0:01:00]} 77. Kg7 {[%emt 0:00:35]} Kd8 {[%emt 0:00:26]} 78. Kf8 {
[%emt 0:00:09]} 1-0

[Event "23rd ETCC Women 2021"]
[Site "Catez"]
[Date "2021.11.16"]
[Round "5.18"]
[White "Kiolbasa, Oliwia"]
[Black "Agrest, Inna"]
[Result "1-0"]
[WhiteElo "2403"]
[BlackElo "2258"]
[Annotator "NA"]
[PlyCount "81"]
[EventDate "2021.11.08"]
[EventType "team-tourn"]
[EventCountry "SLO"]
[SourceTitle "playchess.com"]
[Source "ChessBase"]
[SourceQuality "1"]
[WhiteTeam "Poland"]
[BlackTeam "Sweden"]
[WhiteTeamCountry "POL"]
[BlackTeamCountry "SWE"]
[TimeControl "40/5400+30:1800+30"]

1. e4 {[%emt 0:00:03]} e5 {[%emt 0:00:14]} 2. Nf3 {[%emt 0:00:11]} Nc6 {
[%emt 0:00:07]} 3. Bb5 {[%emt 0:00:14]} a6 {[%emt 0:00:11]} 4. Ba4 {[%emt 0:00:
13]} Nf6 {[%emt 0:00:10]} 5. O-O {[%emt 0:00:39]} Bc5 {[%emt 0:00:18]} 6. c3 {
[%emt 0:00:52]} b5 {[%emt 0:00:13]} 7. Bb3 {[%emt 0:00:23]} d6 {[%emt 0:00:44]}
8. d4 {[%emt 0:00:41]} Bb6 {[%emt 0:00:12]} 9. a4 {[%emt 0:01:18]} Rb8 {
[%emt 0:00:40]} 10. a5 {[%emt 0:01:06]} Ba7 {[%emt 0:00:45]} 11. h3 {[%emt 0:
00:33]} O-O {[%emt 0:01:26]} 12. Be3 {[%emt 0:01:01]} exd4 {[%emt 0:35:03]} 13.
cxd4 {[%emt 0:02:45]} Qe7 {[%emt 0:10:37]} 14. e5 {[%emt 0:11:25]} dxe5 {
[%emt 0:05:38]} 15. dxe5 {[%emt 0:02:55]} Nd7 {[%emt 0:02:29]} 16. Bg5 {
[%emt 0:20:05]} Qe8 {[%emt 0:02:29]} 17. Re1 {[%emt 0:02:29]} Nc5 {[%emt 0:02:
29]} 18. Bc2 {[%emt 0:00:28]} Nb4 {[%emt 0:11:25]} 19. Be3 {[%emt 0:03:34]} Qd7
{[%emt 0:07:31]} 20. Qe2 {[%emt 0:09:36]} h6 {[%emt 0:04:14]} 21. Rc1 {[%emt 0:
08:12]} Bb7 {[%emt 0:03:52]} 22. Nbd2 {[%emt 0:08:29]} Ra8 {[%emt 0:03:02]} 23.
Bb1 {[%emt 0:09:07]} Ne6 {[%emt 0:04:23]} 24. Bxa7 {[%emt 0:01:40]} Rxa7 {
[%emt 0:00:05]} 25. Ne4 {[%emt 0:00:29]} Rd8 {[%emt 0:01:22]} 26. Qe3 {[%emt 0:
02:12]} Raa8 {[%emt 0:00:50]} 27. Nf6+ {[%emt 0:06:10]} gxf6 {[%emt 0:00:09]}
28. Qxh6 {[%emt 0:00:12]} Nd3 {[%emt 0:01:05]} 29. Rd1 {[%emt 0:01:48]} Be4 {
[%emt 0:00:54]} 30. Ra3 {[%emt 0:01:26]} b4 {[%emt 0:01:48]} 31. Raxd3 {
[%emt 0:00:27]} Bxd3 {[%emt 0:00:13]} 32. Rxd3 {[%emt 0:01:21]} Qxd3 {[%emt 0:
01:05]} 33. Bxd3 {[%emt 0:00:04]} Rxd3 {[%emt 0:00:05]} 34. exf6 {[%emt 0:02:
59]} Rd5 {[%emt 0:00:18]} 35. h4 {[%emt 0:00:28]} Rxa5 {[%emt 0:01:04]} 36. Ng5
{[%emt 0:00:43]} Rxg5 {[%emt 0:00:23]} 37. hxg5 {[%emt 0:00:04]} Rd8 {[%emt 0:
00:37]} 38. f4 {[%emt 0:00:59]} Rd5 {[%emt 0:00:14]} 39. g6 {[%emt 0:00:38]}
fxg6 {[%emt 0:00:17]} 40. Qxg6+ {[%emt 0:00:08]} Kf8 {[%emt 0:00:25]} 41. f5 {
[%emt 0:30:26]} 1-0

[Event "23rd ETCC Women 2021"]
[Site "Catez"]
[Date "2021.11.16"]
[Round "5.19"]
[White "Zaritovskaja, Margarita"]
[Black "Socko, Monika"]
[Result "0-1"]
[WhiteElo "2040"]
[BlackElo "2393"]
[Annotator "NA"]
[PlyCount "88"]
[EventDate "2021.11.08"]
[EventType "team-tourn"]
[EventCountry "SLO"]
[SourceTitle "playchess.com"]
[Source "ChessBase"]
[SourceQuality "1"]
[WhiteTeam "Sweden"]
[BlackTeam "Poland"]
[WhiteTeamCountry "SWE"]
[BlackTeamCountry "POL"]
[TimeControl "40/5400+30:1800+30"]

1. e4 {[%emt 0:00:03]} c6 {[%emt 0:00:04]} 2. d4 {[%emt 0:00:11]} d5 {[%emt 0:
00:05]} 3. Nc3 {[%emt 0:00:28]} dxe4 {[%emt 0:00:08]} 4. Nxe4 {[%emt 0:00:14]}
Bf5 {[%emt 0:00:10]} 5. Ng3 {[%emt 0:01:32]} Bg6 {[%emt 0:00:06]} 6. Nf3 {
[%emt 0:02:06]} e6 {[%emt 0:00:59]} 7. h4 {[%emt 0:04:07]} h6 {[%emt 0:00:28]}
8. Ne5 {[%emt 0:04:12]} Bh7 {[%emt 0:00:42]} 9. Be3 {[%emt 0:06:42]} Nf6 {
[%emt 0:06:54]} 10. Bd3 {[%emt 0:05:18]} Bxd3 {[%emt 0:01:51]} 11. Qxd3 {
[%emt 0:00:08]} Qa5+ {[%emt 0:01:06]} 12. Bd2 {[%emt 0:07:24]} Bb4 {[%emt 0:01:
27]} 13. a3 {[%emt 0:02:57]} Bxd2+ {[%emt 0:00:31]} 14. Qxd2 {[%emt 0:00:04]}
Qxd2+ {[%emt 0:03:15]} 15. Kxd2 {[%emt 0:00:06]} Nbd7 {[%emt 0:00:04]} 16. Nxd7
{[%emt 0:09:02]} Kxd7 {[%emt 0:00:29]} 17. f3 {[%emt 0:00:43]} Rad8 {[%emt 0:
03:28]} 18. Rad1 {[%emt 0:02:32]} Ke7 {[%emt 0:02:41]} 19. Ke2 {[%emt 0:04:25]}
Rd7 {[%emt 0:01:46]} 20. Ne4 {[%emt 0:06:02]} Rhd8 {[%emt 0:03:08]} 21. c3 {
[%emt 0:08:28]} Rd5 {[%emt 0:02:53]} 22. Rd2 {[%emt 0:11:53]} Nh5 {[%emt 0:07:
13]} 23. g4 {[%emt 0:07:12]} Nf6 {[%emt 0:06:43]} 24. Rhd1 {[%emt 0:01:38]} b6
{[%emt 0:03:33]} 25. Ke3 {[%emt 0:06:35]} h5 {[%emt 0:02:43]} 26. g5 {[%emt 0:
01:40]} Ne8 {[%emt 0:01:02]} 27. f4 {[%emt 0:06:09]} R5d7 {[%emt 0:03:42]} 28.
b3 {[%emt 0:01:24]} g6 {[%emt 0:05:02]} 29. c4 {[%emt 0:00:42]} Ng7 {[%emt 0:
01:07]} 30. Ng3 {[%emt 0:00:02]} f6 {[%emt 0:01:06]} 31. Ke4 {[%emt 0:01:08]}
fxg5 {[%emt 0:04:13]} 32. fxg5 {[%emt 0:00:02]} Kd6 {[%emt 0:03:56]} 33. b4 {
[%emt 0:01:08]} Nf5 {[%emt 0:01:22]} 34. Nxf5+ {[%emt 0:00:04]} exf5+ {[%emt 0:
00:04]} 35. Kf3 {[%emt 0:00:22]} Re8 {[%emt 0:00:10]} 36. c5+ {[%emt 0:00:57]}
Kd5 {[%emt 0:00:05]} 37. Rd3 {[%emt 0:00:37]} Re4 {[%emt 0:00:39]} 38. Kg3 {
[%emt 0:00:16]} b5 {[%emt 0:01:22]} 39. R1d2 {[%emt 0:00:46]} Rde7 {[%emt 0:00:
17]} 40. Kh3 {[%emt 0:00:35]} Rf4 {[%emt 0:01:37]} 41. Rg3 {[%emt 0:07:41]}
Ree4 {[%emt 0:00:41]} 42. Kg2 {[%emt 0:01:57]} Rxh4 {[%emt 0:00:17]} 43. a4 {
[%emt 0:06:01]} a6 {[%emt 0:00:27]} 44. axb5 {[%emt 0:00:35]} axb5 {[%emt 0:00:
01]} 0-1